Onkogeny a nádory /

Hlavní autor: Svoboda, Augustin, 1940-
Jazyk: Čeština
Vydáno: Brno : Univerzita J.E. Purkyně, 1988
Vydání: 2. dopl. vyd.
Edice: Moderní poznatky lékařské biologie
Fyzický popis: 31 s.
Knihy
Uloženo v:
LEADER 01331nam a22003012a 4500
001 000410081
003 CZ BrMZK
005 20101126113059.0
008 010907s1988 xr f cze d
040 |a BOA001  |b cze  |c BOA001 
080 |a 616-006(075.8):378.4  |2 MRF 
100 1 |a Svoboda, Augustin,  |d 1940-  |7 jk01121927  |4 aut 
245 1 0 |a Onkogeny a nádory /  |c Augustin Svoboda 
250 |a 2. dopl. vyd. 
260 |a Brno :  |b Univerzita J.E. Purkyně,  |c 1988 
300 |a 31 s. 
490 1 |a Učební texty vysokých škol 
490 1 |a Moderní poznatky lékařské biologie ;  |v 5 
504 |a Bibliografie na s. 30 
810 2 |a Masarykova univerzita.  |b Lékařská fakulta.  |t Učební texty  |0 s 
830 0 |a Moderní poznatky lékařské biologie 
910 |a BOA001  |b X2-0943.102 
990 |a BK 
996 7 |b 2618852493  |c X2-0943.102  |l MZK  |r Sklad / do 24 hodin  |n 0  |w 000410081  |u 000050  |a 1  |e BOA001  |j MZK50  |s A 
996 6 |b 2618852494  |c X2-0943.102  |l MZK  |r Sklad / do 24 hodin  |n 0  |w 000410081  |u 000040  |a 1  |e BOA001  |j MZK50  |s P 
996 7 |b 2619764058  |c X2-0943.102  |l MZK  |r Sklad / do 24 hodin  |n 3  |w 000410081  |u 000030  |a 1  |e BOA001  |j MZK50  |s A 
996 7 |b 2619773709  |c X2-0943.102  |l MZK  |r Sklad / do 24 hodin  |n 2  |w 000410081  |u 000010  |a 1  |e BOA001  |j MZK50  |s A 
996 7 |b 2619783612  |c X2-0943.102  |l MZK  |r Sklad / do 24 hodin  |n 3  |w 000410081  |u 000020  |a 1  |e BOA001  |j MZK50  |s A